000 00421nam a2200181Ia 4500
001 20292
005 20260306172755.0
008 260306t2015||||xx |||||||||||||| ||spa||
041 _aESP
082 _a343.1
_bP12
100 _aPacheco, Toribio
_eAUT
245 0 _aCuestiones constitucionales
260 _c2015
300 _a287 páginas :
_c23 cm.
650 _aGEN
654 _aCDE
942 _cLIB
_dJUS
_fJUS
_2ddc
_n
999 _c20292
_d20292